00690naa a2200181 a 450000100080000000500110000800800410001910000140006024501050007426000090017952001570018865300160034565300110036165300100037270000180038270000190040077300890041911249072016-02-25 1992 bl uuuu u00u1 u #d1 aSILVA, E. aOnion Production for export for export in Santa Catarina State, South Brazil.h[electronic resource] c1992 aDescreve a evolu????o do cultivo e melhoria do produto e sua classifica????o de Cebola ( Allium cepa) em Santa Catarina visando a conquista de mercados. aAllium cepa aCebola aOnion1 aGANDIN, C. L.1 aDEBARBA, J. F. tOnion Newsletter For the Tropics, Chatham Maritme, Kentgv. 1, n. 4, p. 16-18, 1992.